000 00536nam a2200205 a 4500
999 _c883
_d883
008 191106r19982000ii ||||g |||| 00| 0 eng d
020 _a9780140271171
_cRs. 850.00
040 _aKO
_beng
041 0 _aeng
044 _aii
082 0 4 _223
_a823
_bN1644
100 1 _aNarasimha Rao, P. V.
245 1 0 _aThe Insider /
_cP. V. Narasimha Rao
260 _aNew Delhi :
_bPenguin Books India Pvt. Ltd. ,
_c1998, reprinted 2000
300 _a833 p. ;
_c22 cm.
650 0 _aFiction
_zIndia
904 _aA_BOSE
942 _cBK